Síntesis' 99 : (Registro nro. 11751)

Detalles MARC
000 -LEADER
fixed length control field 00963nam a2200277Ia 4500
003 - CONTROL NUMBER IDENTIFIER
control field OSt
005 - DATE AND TIME OF LATEST TRANSACTION
control field 20210601114535.0
008 - FIXED-LENGTH DATA ELEMENTS--GENERAL INFORMATION
fixed length control field 030813s1999 ck y 00gr0 spa d sspa
020 ## - INTERNATIONAL STANDARD BOOK NUMBER
International Standard Book Number 0
022 ## - INTERNATIONAL STANDARD SERIAL NUMBER
International Standard Serial Number 01223054
040 ## - CATALOGING SOURCE
Original cataloging agency CO-JMCR
Transcribing agency CO-JMCR
041 0# - LANGUAGE CODE
Language code of text/sound track or separate title spa
082 04 - DEWEY DECIMAL CLASSIFICATION NUMBER
Classification number 330.986 /
Item number R436s
Edition number 23
100 1# - MAIN ENTRY--PERSONAL NAME
Personal name Restrepo Moreno, Luis Alberto
Relator term autor
9 (RLIN) 26352
245 10 - TITLE STATEMENT
Title Síntesis' 99 :
Remainder of title anuario social, político y económico de Colombia /
Statement of responsibility, etc. Luis Alberto Restrepo Moreno
250 ## - EDITION STATEMENT
Edition statement Primera edición
260 ## - PUBLICATION, DISTRIBUTION, ETC.
Place of publication, distribution, etc. Bogotá :
Name of publisher, distributor, etc. Tercer mundo,
Date of publication, distribution, etc. 1999.
300 ## - PHYSICAL DESCRIPTION
Extent 239 páginas ;
Dimensions 23 cm.
500 ## - GENERAL NOTE
General note 0
505 ## - FORMATTED CONTENTS NOTE
Formatted contents note Colombia en la encrucijada decisiva. -- Análisis sectoriales. -- Estado y política. -- Economía. -- Cronología. -- Estadísticas
650 14 - SUBJECT ADDED ENTRY--TOPICAL TERM
Topical term or geographic name entry element Violencia política.
9 (RLIN) 26354
650 24 - SUBJECT ADDED ENTRY--TOPICAL TERM
Topical term or geographic name entry element Condiciones sociales.
9 (RLIN) 38035
650 24 - SUBJECT ADDED ENTRY--TOPICAL TERM
Topical term or geographic name entry element Condiciones económicas.
9 (RLIN) 38036
650 24 - SUBJECT ADDED ENTRY--TOPICAL TERM
Topical term or geographic name entry element Relaciones internacionales
9 (RLIN) 38037
942 ## - ADDED ENTRY ELEMENTS (KOHA)
Source of classification or shelving scheme Dewey Decimal Classification
Koha item type Books
Existencias
Withdrawn status Lost status Source of classification or shelving scheme Damaged status Not for loan Home library Current library Shelving location Date acquired Source of acquisition Full call number Barcode Date last seen Copy number Price effective from Koha item type
    Dewey Decimal Classification     Biblioteca Pública José María del Castillo y Rada Biblioteca Pública José María del Castillo y Rada General Stacks 04/15/2018 Donación 330.986 / R436s 430002668 05/16/2024 Ej.1 03/10/2021 Books